LEADER 01138nam2-2200373li-450 001 990000129340203316 005 20180312154811.0 010 $a0-444-88345-2 035 $a0012934 035 $aUSA010012934 035 $a(ALEPH)000012934USA01 035 $a0012934 100 $a20001109d1990----km-y0itay0103----ba 101 0 $aeng 102 $aNE 200 1 $aOrganic chemistry in action$ethe design of organic synthesis$fFelix Serratosa 210 $aAmsterdam [etc.]$cElsevier$d1990 215 $aXXI, 395 p.$cill.$d25 cm 225 2 $aStudies in organic chemistry$v41 410 0$10010012933$12001$aStudies in organic chemistry 610 1 $asintesi organica 676 $a5472$9. 700 1$aSerratosa,$bFelix$0742713 801 $aSistema bibliotecario di Ateneo dell' Università di Salerno$gRICA 912 $a990000129340203316 951 $a547 SOC (41)$b0012818 959 $aBK 969 $aSCI 979 $c19910326 979 $c20001110$lUSA01$h1711 979 $c20020403$lUSA01$h1620 979 $aPATRY$b90$c20040406$lUSA01$h1610 996 $aOrganic chemistry in action$91476138 997 $aUNISA LEADER 01613nam 22004213 450 001 9910693326003321 005 20220602181506.0 035 $a(VaAlASP)2300383 035 $a(CKB)4940000000512346 035 $a(OCoLC)884785258 035 $a(VaAlASP)ASP2300383/engv 035 $a(EXLCZ)994940000000512346 100 $a20220602d1986 || | 101 0 $aeng 135 $aur|n||||||||a 181 $ctxt$2rdacontent 182 $cc$2rdamedia 183 $acr$2rdacarrier 200 00$aReport to the President: Actions to Implement the Recommendations of the Presidential Commission on the Space Shuttle Challenger Accident /$fby NASA 210 1$aDistrict of Columbia :$cNational Aeronautics and Space Administration,$d1986. 215 $a1 online resource (55 pages) 300 $aTitle from resource description page (viewed June 02, 2022). 330 $aSubmitted to President Ronald Reagan in July 1986, this report contains a list of recommendations from NASA following the Space Shuttle Challenger disaster. 606 $aAeronautics and Astronautics 606 $aSpacecraft 606 $aSpace exploration 606 $aAerospace engineering 608 $a112 615 4$aAeronautics and Astronautics 615 4$aSpacecraft 615 4$aSpace exploration 615 4$aAerospace engineering 801 0$bVaAlASP 801 1$bVaAlASP 906 $aBOOK 912 $a9910693326003321 996 $aReport to the President: Actions to Implement the Recommendations of the Presidential Commission on the Space Shuttle Challenger Accident$93206196 997 $aUNINA